Melukis dengan mudah
| Main Author: | |
|---|---|
| Other Authors: | |
| Format: | Book |
| Published: |
Kuala Lumpur :
Crescent News (KL) ,
2005
|
| Subjects: |
MARC
| LEADER | 00000cam a2200000 7i4500 | ||
|---|---|---|---|
| 001 | 0000025048 | ||
| 005 | 20090204.0 | ||
| 008 | 090204 | ||
| 020 | |a 9830610748 | ||
| 090 | 0 | 0 | |a 741.2 |b LOR |
| 100 | 1 | |a Lorenzi, Felix | |
| 245 | 1 | 0 | |a Melukis dengan mudah |c Felix Lorenzi |
| 260 | |a Kuala Lumpur : |b Crescent News (KL) , |c 2005 | ||
| 650 | 0 | |a Drawing ability | |
| 650 | 0 | |a Drawing |x Technique | |
| 700 | 0 | |a Mohd. Ali bin Hassan | |
| 999 | |a 0001021469 |b Book |c Adult Collection |e Perbadanan Perpustakaan Awam Johor | ||
| 999 | |a 0001039571 |b Book |c Adult Collection |e Perbadanan Perpustakaan Awam Johor | ||